Capitales du Monde par ordre alphabétique - Statistiques

Statistiques générales
  • Ce quiz a été pris 215 fois
  • Le résultat moyen est 102 sur 196
Statistiques - réponses
Pays Capitale % Correct
Allemagne Berlin
96%
Belgique Bruxelles
96%
Suisse Berne
95%
Pays-Bas Amsterdam
94%
Grèce Athènes
94%
Irlande Dublin
91%
Portugal Lisbonne
91%
Royaume-Uni Londres
91%
Espagne Madrid
91%
France Paris
91%
Ukraine Kiev
90%
Luxembourg Luxembourg
90%
Monaco Monaco
90%
Russie Moscou
90%
Andorre Andorre-la- Vieille
89%
Italie Rome
89%
Finlande Helsinki
88%
Norvège Oslo
88%
Danemark Copenhague
87%
Roumanie Bucarest
86%
Hongrie Budapest
86%
Autriche Vienne
85%
Vatican Vatican
84%
Bulgarie Sofia
80%
Suède Stockholm
80%
Pologne Varsovie
80%
Croatie Zagreb
80%
Slovaquie Bratislava
79%
République Tchèque Prague
77%
Japon Tokyo
77%
Algérie Alger
76%
Serbie Belgrade
76%
États-Unis Washington
76%
Saint-Marin Saint-Marin
75%
Turquie Ankara
74%
Mexique Mexico
74%
Biélorussie Minsk
74%
Brésil Brasilia
73%
Argentine Buenos Aires
73%
Malte La Valette
73%
Lettonie Riga
73%
Égypte Le Caire
72%
Canada Ottawa
72%
Islande Reykjavik
72%
Slovénie Ljubljana
71%
Corée du Sud Séoul
71%
Chine Pékin
70%
Israël Jérusalem
69%
Inde New Delhi
69%
Bosnie- Herzégovine Sarajevo
69%
Albanie Tirana
69%
Australie Canberra
68%
Bangladesh Dacca
68%
Estonie Tallinn
67%
Lituanie Vilnius
67%
Thaïlande Bangkok
65%
Colombie Bogotá
65%
Panama Panama
65%
Maroc Rabat
65%
Tunisie Tunis
65%
Cuba La Havane
64%
Moldavie Chișinău
62%
Sénégal Dakar
62%
Qatar Doha
62%
Singapour Singapour
62%
Liechtenstein Vaduz
62%
Liban Beyrouth
61%
Indonésie Jakarta
61%
Afghanistan Kaboul
60%
Pérou Lima
60%
Uruguay Montevideo
60%
Bolivie La Paz / Sucre
59%
Chili Santiago
59%
Irak Bagdad
58%
Afrique du Sud Pretoria / Le Cap / Bloemfontein
58%
Philippines Manille
57%
Kosovo Pristina
57%
Iran Téhéran
57%
Émirats Arabes Unis Abou Dabi
56%
Venezuela Caracas
56%
Syrie Damas
56%
Djibouti Djibouti
56%
Koweït Koweït
56%
Corée du Nord Pyongyang
56%
Viêt Nam Hanoï
55%
Jamaïque Kingston
55%
Saint-Vincent-et- les-Grenadines Kingstown
55%
Nouvelle-Zélande Wellington
55%
Pakistan Islamabad
54%
Macédoine du Nord Skopje
54%
Mali Bamako
53%
Guatemala Guatemala
53%
Chypre Nicosie
53%
Arabie Saoudite Riyad
53%
Arménie Erevan
52%
Malaisie Kuala Lumpur
52%
Monténégro Podgorica
52%
Équateur Quito
52%
Azerbaïdjan Bakou
51%
Taïwan Taipei
51%
Haïti Port-au-Prince
49%
Rép du Congo Brazzaville
48%
Népal Katmandou
48%
Mongolie Oulan-Bator
48%
Jordanie Amman
47%
Rép. Dém. du Congo Kinshasa
47%
Madagascar Antananarivo
46%
Kenya Nairobi
46%
Salvador San Salvador
46%
Géorgie Tbilissi
46%
Éthiopie Addis-Abeba
45%
Ghana Accra
44%
Kazakhstan Astana
44%
Guinée-Bissau Bissau
44%
Cambodge Phnom Penh
44%
Paraguay Asunción
43%
Libye Tripoli
42%
Gabon Libreville
41%
Costa Rica San José
41%
Guinée Conakry
40%
Burkina Faso Ouagadougou
40%
Laos Vientiane
40%
Yémen Sanaa
39%
Cameroun Yaoundé
39%
Sri Lanka Colombo/Sri Jayawardenapura Kotte
38%
Sierra Leone Freetown
38%
Guyana Georgetown
38%
Togo Lomé
38%
République Dominicaine Saint-Domingue
38%
Maldives Malé
36%
Nicaragua Managua
36%
Kirghizistan Bichkek
35%
Timor Oriental Dili
35%
Soudan Khartoum
35%
Oman Mascate
35%
Sao Tomé-et- Principe Sao Tomé
35%
Ouzbékistan Tachkent
35%
Côte d'Ivoire Yamoussoukro
35%
Tadjikistan Douchanbé
34%
Maurice Port-Louis
34%
Érythrée Asmara
33%
République Centrafricaine Bangui
33%
Zimbabwe Harare
33%
Angola Luanda
33%
Bahamas Nassau
33%
Nigeria Abuja
32%
Gambie Banjul
32%
Trinité-et-Tobago Port-d'Espagne
32%
Belize Belmopan
31%
Soudan du Sud Djouba
31%
Tanzanie Dodoma
31%
Rwanda Kigali
31%
Bahreïn Manama
31%
Tchad Ndjamena
31%
Suriname Paramaribo
31%
Bénin Porto-Novo
31%
Honduras Tegucigalpa
31%
Brunei Bandar Seri Begawan
30%
Barbade Bridgetown
30%
Niger Niamey
30%
Mauritanie Nouakchott
30%
Cap-Vert Praia
30%
Namibie Windhoek
30%
Turkménistan Achgabat
29%
Sainte-Lucie Castries
29%
Botswana Gaborone
29%
Somalie Mogadiscio
29%
Grenade Saint George's
29%
Antigua-et- Barbuda Saint John's
29%
Bhoutan Thimphou
29%
Seychelles Victoria
29%
Zambie Lusaka
28%
Mozambique Maputo
28%
Dominique Roseau
28%
Saint-Christophe- et-Niévès Basseterre
27%
Burundi Gitega
27%
Ouganda Kampala
27%
Lesotho Maseru
27%
Comores Moroni
26%
Samoa Apia
25%
Malawi Lilongwe
25%
Liberia Monrovia
25%
Guinée Équatoriale Malabo
24%
Eswatini Mbabane
24%
Birmanie Naypyidaw
24%
Tuvalu Funafuti
23%
Papouasie- Nouvelle-Guinée Port Moresby
23%
Fidji Suva
23%
Vanuatu Port-Vila
21%
Nauru Yaren
21%
États Fédérés de Micronésie Palikir
20%
Kiribati Tarawa-Sud
19%
Palaos Ngerulmud
18%
Tonga Nukuʻalofa
18%
Îles Salomon Honiara
17%
Îles Marshall Majuro
16%
Aucun quiz correspondant
Distribution des résultats
% des personnes avec chaque résultat
Percentile par nombre de réponses
Votre historique - résultats
Vous n’avez pas pris ce quiz